000 01596nam2a22002771 4500
001 rc\2127857
005 20110829171737.8
035 _a(NLR Aleph) 006489701
090 _a6119553
_c6119553
100 _a20110829d1978 |||y0rusy50 ca
101 0 _arus
102 _aRU
105 _ay z |||||
200 1 _aСубъекты гражданского права
_f[Подгот. к. ю. н. Е.А. Богатых, К.Л. Разумнов, А.В. Коваленко и др.]
210 _d1978
215 _a108 с.
461 0 _1001rc\2127856
_12001#$aГражданское право социалистических стран$eУчеб. пособие$fМоск. гос. ин-т междунар. отношений. Каф. гражд. права и процесса$vЧ. 2
_96119545
_cМосква
_d1978
_fМоск. гос. ин-т междунар. отношений. Каф. гражд. права и процесса
_nМоск. гос. ин-т междунар. отношений
_oУчеб. пособие
_tГражданское право социалистических стран
_vЧ. 2
702 1 _aРазумнов
_bК. Л.
_4570
702 1 _aКоваленко
_bА. В.
_4570
702 1 _aБогатых
_bЕ. А.
_gЕлена Александровна
_4570
712 0 2 _aИнститут международных отношений
_bКафедра гражданского права и процесса
_cМосква
_9531164
_3RU\NLR\AUTH\8810016654
801 0 _aRU
_bNLR
_gpsbo
801 1 _aRU
_bELAR
_2rusmarc
852 _aNLR
_j79-7/80
942 _cBOOK
980 _aNB